Monomayi (Record no. 11353)

MARC details
000 -LEADER
fixed length control field 00345nam a2200145Ia 4500
008 - FIXED-LENGTH DATA ELEMENTS--GENERAL INFORMATION
fixed length control field 220803s9999 xx 000 0 und d
041 ## - LANGUAGE CODE
Language code of text/sound track or separate title eng
082 ## - DEWEY DECIMAL CLASSIFICATION NUMBER
Classification number 891.46 TEL
100 ## - MAIN ENTRY--PERSONAL NAME
Personal name Telang M
9 (RLIN) 15439
245 ## - TITLE STATEMENT
Title Monomayi
260 ## - PUBLICATION, DISTRIBUTION, ETC. (IMPRINT)
Place of publication, distribution, etc. Pune
Name of publisher, distributor, etc. Madhav Telang
Date of publication, distribution, etc. 2001
300 ## - PHYSICAL DESCRIPTION
Extent 96p
500 ## - GENERAL NOTE
Keywords Architecture
650 ## - SUBJECT ADDED ENTRY--TOPICAL TERM
Topical term or geographic name as entry element Marathi Literature
9 (RLIN) 15440
Holdings
Withdrawn status Lost status Damaged status Not for loan Home library Current library Date acquired Vendor Cost, normal purchase price Total Checkouts Full call number Barcode Date last seen Cost, replacement price Bill Date Koha item type Original Barcode
        Dr. Bhanuben Nanavati College of Architecture Dr. Bhanuben Nanavati College of Architecture 13/09/2003 Medha Telang 54.00   891.46 TEL BNCA-BK-3462 03/08/2022 60.00 13/09/2003 Books B003462